Manuel d´histoire d´Haiti / (Registro nro. 18195)
[ vista simple ]
| 000 -CABECERA | |
|---|---|
| campo de control de longitud fija | 00525nam a2200157 a 4500 |
| 001 - NÚMERO DE CONTROL | |
| campo de control | 000018675 |
| 005 - FECHA Y HORA DE LA ÚLTIMA TRANSACCIÓN | |
| campo de control | 20200929165834.0 |
| 008 - DATOS DE LONGITUD FIJA--INFORMACIÓN GENERAL | |
| campo de control de longitud fija | 100512s1925 ht ac r 000 0 spa d |
| 040 ## - FUENTE DE LA CATALOGACIÓN | |
| Centro catalogador/agencia de origen | DO-SdBNP |
| Lengua de catalogación | spa |
| Centro/agencia transcriptor | BNPHU |
| 082 ## - NÚMERO DE LA CLASIFICACIÓN DECIMAL DEWEY | |
| Número de clasificación | xxx |
| Número de documento/Ítem | D717m |
| 049 ## - FONDOS LOCALES (OCLC) | |
| Fondos de biblioteca | BNGR |
| 100 1# - ENTRADA PRINCIPAL--NOMBRE DE PERSONA | |
| Nombre de persona | Dorsainvil, J. C., |
| Forma completa/desarrollada del nombre | (Justin Chrysostome), |
| Fechas asociadas al nombre | 1880-1942 |
| 9 (RLIN) | 40332 |
| 245 10 - MENCIÓN DE TÍTULO | |
| Título | Manuel d´histoire d´Haiti / |
| Mención de responsabilidad, etc. | J. C. Dorsainvil. |
| 260 ## - PUBLICACIÓN, DISTRIBUCIÓN, ETC. | |
| Lugar de publicación, distribución, etc. | Port-Au-Prince : |
| Nombre del editor, distribuidor, etc. | Procure Des Fréres de l´instruction Chrétienne, |
| Fecha de publicación, distribución, etc. | 1925. |
| 300 ## - DESCRIPCIÓN FÍSICA | |
| Extensión | 408 p. : |
| Otras características físicas | il., retrs. ; |
| Dimensiones | 19 cm. |
| Estado de retiro | Estado de pérdida | Restricciones de uso | No para préstamo | Código de colección | Localización permanente | Ubicación/localización actual | Ubicación en estantería | Fecha de adquisición | Número de inventario | Total de préstamos | Signatura topográfica completa | Código de barras | Fecha visto por última vez | Precio válido a partir de | Tipo de ítem Koha |
|---|---|---|---|---|---|---|---|---|---|---|---|---|---|---|---|
| Monografías: Libros y Folletos | General | General | En catalogación | 12.05.2010 | LF1 | xxx D717m | 18675-10 | 25.06.2020 | 25.06.2020 | Préstamo en sala |
